000 00605nam a2200205 a 4500
001 85234
003 BD-RjUL
005 20250717152526.0
008 250717s1955 ilua bs 001 0 eng d
035 _a(BD-RjUL)85234
040 _aDLC
_cDLC
_dDLC
_dBD-RjUL
_beng
041 _aeng
082 0 0 _223
_a658.15
_bPRF 1955
100 1 _aPrather, Charles Lee,
_d1899-
_911082
245 1 0 _aFinancing business firms /
_cCharles L. Prather
260 0 _aHomewood, Ill. :
_bR. D. Irwin,
_c1955
300 _aVarious paging :
_billus. ;
_c24 cm.
650 0 _aBusiness enterprises
_xFinance.
_949597
942 _2ddc
_cBK
999 _c85234
_d85234